000 005970000a22001810004500
003 MACL
005 20160607144202.0
008 160607b xxu||||| |||| 00| 0 eng d
040 _aMACL
_cMACL
041 _aHindi
082 _a920 TRI
100 _aत्रिपाठी, स. वचनेश
_962695
245 _aक्रांति के वे दिन
_cव. वचनेश त्रिपाठी
260 _bविक्रम प्रकाशन
_c2009
_aनई दिल्‍ली
350 _a400
650 _aAuto Biography
_914205
942 _cHIN
_k920/TRI
_2ddc
999 _c41406
_d41406